Normal view
MARC view
- Stephen, Anson
Entry Personal Name
001 - CONTROL NUMBER
- control field: 9618
003 - CONTROL NUMBER IDENTIFIER
- control field: NUST
005 - DATE AND TIME OF LATEST TRANSACTION
- control field: 20180123152040.0
008 - FIXED-LENGTH DATA ELEMENTS
- fixed length control field: 180123|| aca||aabn | a|a d
040 ## - CATALOGING SOURCE
- Original cataloging agency: NUST
- Transcribing agency: NUST
100 ## - HEADING--PERSONAL NAME
- Personal name: Stephen, Anson
670 ## - SOURCE DATA FOUND
- Source citation: Work cat.: (NUST)321847: Stephen, Anson, A Simple Guide to Depression, 2005
